La infancia y la juventud en la planificación del desarrollo (Record no. 10543)

MARC details
000 -LEADER
campo de control de longitud fija 01507nmm a2200493 a 4500
003 - IDENTIFICADOR DE NÚMERO DE CONTROL
campo de control AR-BaBNM
005 - FECHA Y HORA DE LA ÚLTIMA TRANSACCIÓN
campo de control 20251128205233.0
008 - DATOS DE LONGITUD FIJA--INFORMACIÓN GENERAL
campo de control de longitud fija 087019s1965 ||||||||||||||000 | spa||
040 ## - FUENTE DE CATALOGACIÓN
Centro/agencia transcriptor AR-BaBNM
111 2# - ENTRADA PRINCIPAL--NOMBRE DE CONGRESO/REUNIÓN
Nombre de congreso/reunión o jurisdicción como elemento de entrada Conferencia de Mesa Redonda de Bellagio
Sede del congreso/Lugar de la reunión Bellagio, Italia
9 (RLIN) abr.
Fecha del congreso o de la firma del tratado 1964
245 10 - MENCIÓN DEL TÍTULO
Título La infancia y la juventud en la planificación del desarrollo
250 ## - MENCION DE EDICION
Mención de edición 1ª ed.
260 ## - PUBLICACIÓN, DISTRIBUCIÓN, ETC.
Lugar de publicación, distribución, etc. México, D.F.
Nombre del editor, distribuidor, etc. Fondo de Cultura Económica
Fecha de publicación, distribución, etc. 1965
300 0# - DESCRIPCIÓN FÍSICA
Extensión 172 p.
500 0# - NOTA GENERAL
Nota general UNICEF: FONDO DE LAS NACIONES UNIDAS PARA LA INFANCIA
500 0# - NOTA GENERAL
Nota general Contiene lista de participantes en la conferencia
500 0# - NOTA GENERAL
Nota general Contiene notas sobre costos de servicios en sectores en desarrollo que benefician a la infancia en los países en desarrollo
650 #4 - PUNTO DE ACCESO ADICIONAL DE MATERIA--TÉRMINO DE MATERIA
Término de materia o nombre geográfico como elemento de entrada INFANCIA
650 #4 - PUNTO DE ACCESO ADICIONAL DE MATERIA--TÉRMINO DE MATERIA
Término de materia o nombre geográfico como elemento de entrada JUVENTUD
650 #4 - PUNTO DE ACCESO ADICIONAL DE MATERIA--TÉRMINO DE MATERIA
Término de materia o nombre geográfico como elemento de entrada PLANES DE DESARROLLO
650 #4 - PUNTO DE ACCESO ADICIONAL DE MATERIA--TÉRMINO DE MATERIA
Término de materia o nombre geográfico como elemento de entrada PLANIFICACION DE LA EDUCACION
651 #4 - PUNTO DE ACCESO ADICIONAL DE MATERIA--NOMBRE GEOGRÁFICO
Nombre geográfico Venezuela
651 #4 - PUNTO DE ACCESO ADICIONAL DE MATERIA--NOMBRE GEOGRÁFICO
Nombre geográfico URSS
651 #4 - PUNTO DE ACCESO ADICIONAL DE MATERIA--NOMBRE GEOGRÁFICO
Nombre geográfico Polonia
651 #4 - PUNTO DE ACCESO ADICIONAL DE MATERIA--NOMBRE GEOGRÁFICO
Nombre geográfico India
651 #4 - PUNTO DE ACCESO ADICIONAL DE MATERIA--NOMBRE GEOGRÁFICO
Nombre geográfico Estados Unidos
651 #4 - PUNTO DE ACCESO ADICIONAL DE MATERIA--NOMBRE GEOGRÁFICO
Nombre geográfico Túnez
700 1# - ENTRADA AGREGADA--NOMBRE PERSONAL
Nombre de persona López Cámara, Francisco
Término indicativo de función/relación editor
700 1# - ENTRADA AGREGADA--NOMBRE PERSONAL
Nombre de persona Swai, A.Z.N.
700 1# - ENTRADA AGREGADA--NOMBRE PERSONAL
Nombre de persona Salah, Ahmed Ben
700 1# - ENTRADA AGREGADA--NOMBRE PERSONAL
Nombre de persona Rao, V.K.R.
700 1# - ENTRADA AGREGADA--NOMBRE PERSONAL
Nombre de persona Hurtado, Héctor
700 1# - ENTRADA AGREGADA--NOMBRE PERSONAL
Nombre de persona Bobrowski, Czeslaw
700 1# - ENTRADA AGREGADA--NOMBRE PERSONAL
Nombre de persona Cahn, Frances
700 1# - ENTRADA AGREGADA--NOMBRE PERSONAL
Nombre de persona Autret, Marcel
700 1# - ENTRADA AGREGADA--NOMBRE PERSONAL
Nombre de persona Guiton, Jean
700 1# - ENTRADA AGREGADA--NOMBRE PERSONAL
Nombre de persona Johnstone, E.
700 1# - ENTRADA AGREGADA--NOMBRE PERSONAL
Nombre de persona Sicault, Georges
700 1# - ENTRADA AGREGADA--NOMBRE PERSONAL
Nombre de persona Singer, H.W.
700 1# - ENTRADA AGREGADA--NOMBRE PERSONAL
Nombre de persona Tinbergen, Jan
700 1# - ENTRADA AGREGADA--NOMBRE PERSONAL
Nombre de persona Pusic, Eugen
942 ## - ELEMENTOS DE ENTRADA SECUNDARIOS (KOHA)
Tipo de ítem Koha Libros
998 ## - INFORMACIÓN DE CONTROL LOCAL (RLIN)
Iniciales del catalogador, CIN (RLIN) SILVI
Holdings
Estatus retirado Estado de pérdida Fuente de la clasificación o esquema de estantería Estado de daño Restricciones de uso No para préstamo Biblioteca de origen Biblioteca actual Fecha de adquisición Total de préstamos Signatura topográfica completa Código de barras Visto por última vez Precio de reemplazo Tipo de ítem Koha
    Clasificación Decimal Dewey   Acceso restringido No para préstamo Liberty Liberty 28/11/2025   304 LOP 105615 28/11/2025 28/11/2025 Libros